000 00710nam a2200289Ia 4500
005 20260324124118.0
008 008 260324s9999 xx 000 0 eng d
020 _a9780203802328
037 _aEBOOK
040 _aCRL
040 _beng
040 _cCRL
041 _2eng
041 _aeng
084 _qCRL
100 _aKarl Kautsky; W. H. Kerridge
_91172885
245 0 _aTerrorism and Communism
245 2 _bA Contribution to the Natural History of Revolution
260 _bTaylor and Francis
260 _c2011
365 _a
365 _b65.99
856 _uhttp://www.taylorfrancis.com/books/9780203802328
942 _cEBOOK
999 _c1767010
_d1767010